| 000 | 00791nam a22002535i 4500 | ||
|---|---|---|---|
| 001 | 13075 | ||
| 003 | ES-MaACL | ||
| 005 | 20260525062923.0 | ||
| 007 | t| | ||
| 008 | 911125s1989 sp ||||0| spa j | ||
| 020 | _a84-239-1901-3 | ||
| 040 |
_aM-BN _bspa _cM-BN |
||
| 080 | _a860-34"19" | ||
| 100 | 0 |
_aPereira, Antonio, _d1923-2009 _990465 |
|
| 245 | 1 | 0 |
_aCuentos para lectores cómplices / _cAntonio Pereira ; introducción, Ricardo Gullón. |
| 260 |
_aMadrid : _bEspasa-Calpe, _cD.L. 1989. |
||
| 300 |
_a264 p. ; _c19 cm. |
||
| 490 | 1 |
_aColección austral ; _v101 |
|
| 504 | _aBibliografía: p. [31]-32. | ||
| 700 | 1 |
_aGullón, Ricardo, _d1908-1991 _960938 |
|
| 830 | 0 |
_aColección austral _v101 _9177655 |
|
| 852 |
_aES-MaACL _jL-20356 _bR.125854 |
||
| 999 |
_c13075 _d13075 |
||